000 00508nam a22001817a 4500
003 CEME
005 20210628201832.0
008 210222b xxu||||| |||| 00| 0 eng d
020 _a0-471-49026-1
040 _c.
082 _a621.312429 LAR
100 _aLarminie, James Dicks, Andrew
_957029
245 _aFuel cell systems explained
260 _aNEW YORK
_bJOHN WILEY
_c2001
300 _aXVIII,308P
650 _aFUEL CELL VOLTAGES.HYDROGEN FUEL CELL .FUEL CELLS FUELLING
_957030
942 _cBK
_2ddc
999 _c567340
_d567340